| 000 | 00576ntaaa2200193 4500 | ||
|---|---|---|---|
| 003 | 01 | ||
| 005 | 20251027201628.0 | ||
| 008 | 0714s1973 ag 01 | ||
| 040 |
_aAR-BaBN _bspa _cAR-BaBN _eaacr _dRIC |
||
| 082 | _a248.4200 G99r | ||
| 100 |
_aGuyon, Jeanne María Bouvier de La Mothe _914893 |
||
| 245 | _aRios y torrentes espirituales | ||
| 250 | _a1 ed. | ||
| 260 |
_aBuenos Aires : _bUdo Hauser Helmcke, _c12984 |
||
| 300 |
_a103 p ; _c22 cm |
||
| 500 | _aMeditaciones del movimiento quietista escritos por una mística francesa | ||
| 650 | _avida cristiana | ||
| 942 | _cBK | ||
| 999 |
_c10959 _d10959 |
||